Statistics for World Capitals Equidistant from two other Capital Cities

Click here to take the quiz!

General Stats

  • This quiz has been taken 50 times
  • The average score is 7 of 10

Answer Stats

Distance from Other CapitalsCapital% Correct
750 km from Panama City and QuitoBogota
91%
775 km from Kuwait City and YerevanTehran
86%
750 km from London and BerlinBern
84%
800 km from Belgrade and AnkaraAthens
80%
1450 km from La Paz and BrasiliaAsuncion
73%
1425 km from Vientiane and New DelhiDhaka
68%
750 km from Lome and NiameyAbuja
66%
1775 km from Tegucigalpa and GeorgetownBogota
45%
3050 km from Mexico City and San SalvadorWashington D.C.
45%
2700 km from Wellington and CanberraPort Vila
36%

Score Distribution

Percentile by Number Answered

Percent of People with Each Score

Your Score History

You have not taken this quiz